Music Quiz

Random Music Quiz

Guess the Carrie Underwood lyrics Quiz Stats

 Plays Quiz not verified by Sporcle

Support Sporcle.
Go Orange.
Score 0/187 Timer 10:00
0 Plays Today
% Correct
the
86.4%
the
86.4%
And
86.4%
a
86.4%
and
86.4%
the
86.4%
and
86.4%
the
86.4%
the
86.4%
and
86.4%
the
86.4%
a
86.4%
and
86.4%
and
86.4%
The
86.4%
the
86.4%
the
86.4%
the
86.4%
86.4%
he
73.8%
He
73.8%
you
72.5%
be
67.6%
be
67.6%
she
66.3%
She
66.3%
she
66.3%
she
66.3%
to
65.5%
To
65.5%
to
65.5%
to
65.5%
To
65.5%
it
65%
it
65%
it
65%
it
65%
it
65%
it
65%
it
65%
it
65%
go
61.9%
go
61.9%
So
59.3%
So
59.3%
love
57.8%
For
57.3%
for
57.3%
on
57%
my
52.3%
my
52.3%
don't
50.1%
don't
50.1%
don't
50.1%
dont
50.1%
I
49.7%
I
49.7%
I
49.7%
I
49.7%
I
49.7%
of
49%
of
49%
of
49%
% Correct
that
48.6%
That
48.6%
That
48.6%
all
47.6%
all
47.6%
just
46.8%
like
46.1%
like
46.1%
no
45.9%
take
44.9%
can't
44.6%
One
44.2%
one
44.2%
one
44.2%
one
44.2%
said
43.2%
said
43.2%
day
42.2%
day
42.2%
see
41.8%
time
41.7%
time
41.7%
I'm
41.4%
But
41.3%
but
41.3%
at
41.3%
up
40.7%
up
40.7%
life
40.6%
life
40.6%
It's
40.2%
get
40.1%
back
39.8%
back
39.8%
back
39.8%
by
39.6%
by
39.6%
let
39.6%
let
39.6%
wasted
39.1%
wasted
39.1%
wasted
39.1%
way
38.3%
out
37.6%
would
37.4%
find
37.3%
find
37.3%
wanna
37.1%
wanna
37.1%
wanna
37.1%
make
37%
away
36.4%
spend
35.8%
spend
35.8%
man
35.6%
glass
35.3%
these
35.3%
glass
35.3%
these
35.3%
wake
35.1%
wake
35.1%
door
35.1%
down
35.1%
% Correct
into
34.9%
night
34.8%
years
34.4%
years
34.4%
took
34.2%
hard
34.1%
broken
34%
hit
33.5%
another
33.5%
Another
33.5%
gonna
33.4%
tried
33.3%
face
33.2%
face
33.2%
Standing
32.7%
around
32.7%
still
32.7%
still
32.7%
fast
32.4%
wood
32%
stop
32%
waiting
32%
waiting
32%
fell
31.8%
Sometimes
31.7%
turned
31.5%
whiskey
31.3%
drain
31.3%
cloud
30.9%
pain
30.8%
raindrops
30.5%
jaded
30.5%
jaded
30.5%
pouring
30.4%
second
30.3%
almost
30.2%
more
30.1%
sink
30.1%
step
29.9%
yesterday
29.9%
living
29.8%
slips
29.6%
Oh
29.6%
split
29.4%
let's
29.4%
Gotta
29.1%
pours
29%
says
28.6%
I've
28.2%
stumbles
28.2%
I've
28.2%
kill
27.3%
tear
27%
keep
26.8%
morning
26.4%
Cause
25.8%
wishing
25.7%
color
25.7%
missing
25.2%
ain't
23.7%
spending
21.1%

You're not logged in!

Compare scores with friends on all Sporcle quizzes.
OR
Log In

From the Vault

Harry Potter Character by First Description

by HPGirl

'Red hair and a hand-me-down robe? You must be a Weasley.'
Remove Ads.
Support Sporcle.
Get the best of Sporcle when you Go Orange. This ad-free experience offers more features, more stats, and more fun while also helping to support Sporcle. Thank you for becoming a member.

Show Comments

Extras

Created Feb 11, 2011ReportNominate
Tags:carrie, Carrie Underwood

Top Quizzes Today


Score Distribution

Your Account Isn't Verified!

In order to create a playlist on Sporcle, you need to verify the email address you used during registration. Go to your Sporcle Settings to finish the process.

Report this User

Report this user for behavior that violates our Community Guidelines.

Details: